000 00464nam a2200205Ia 4500
005 20250425161542.0
008 250425s9999 xx 000 0 und d
020 _a3540125612
041 _aeng
082 _a530.11
100 _aVAN BLADEL, J.
245 0 _aRELATIVITY AND ENGINEERING
250 _aS.E.
260 _aAlemania
_bSPRINGER-VERLAG
_c1984
260 _aBERLIN
300 _a402
650 _aRELATIVIDAD
942 _c01
010 _a22878
999 _c211483
_d211483